书目信息 |
| 题名: |
新编审计学教程
|
|
| 作者: | 陈力生 主编 | |
| 分册: | ||
| 出版信息: | 上海 立信会计出版社 2002 |
|
| 页数: | 490页 | |
| 开本: | 20cm | |
| 丛书名: | ||
| 单 册: | ||
| 中图分类: | F239.0 | |
| 科图分类: | ||
| 主题词: | 审计学--教材 | |
| 电子资源: | ||
| ISBN: | 7-5429-0952-5 | |
| 000 | 00584nam0 2200205 45 | |
| 001 | 0310260272 | |
| 005 | 20031219104120.7 | |
| 010 | @a7-5429-0952-5@dCNY27.00 | |
| 100 | @a20031026d2002 km y0chiy0120 ea | |
| 101 | 0 | @achi |
| 105 | @a z 000yy | |
| 200 | 1 | @a新编审计学教程@AXin Bian Shen Ji Xue Jiao Cheng@f陈力生主编@FChen Li Sheng Zhu Bian |
| 205 | @a2版 | |
| 210 | @a上海@c立信会计出版社@d2002 | |
| 215 | @a490页@d20cm | |
| 606 | 0 | @a审计学@x教材 |
| 690 | @aF239.0@v4 | |
| 701 | @a陈力生@4主编 | |
| 801 | @aCN@bTSTC@c20031026 | |
| 905 | @a213230@b327343-346@dF239.0@e123=2@f4 | |
| 新编审计学教程/陈力生主编.-2版.-上海:立信会计出版社,2002 |
| 490页;20cm |
| ISBN 7-5429-0952-5:CNY27.00 |
| ● |
| 相关链接 |
|
|
|
|
正题名:新编审计学教程
索取号:F239.0/123=2
 
预约/预借
| 序号 | 登录号 | 条形码 | 馆藏地/架位号 | 状态 | 备注 |
| 1 | 0327343 | 203273439 | 第一借阅区/ [索取号:F239.0/123=2] | 在馆 | |
| 2 | 0327344 | 203273448 | 第一借阅区/ [索取号:F239.0/123=2] | 在馆 | |
| 3 | 0327345 | 203273457 | 第一借阅区/ [索取号:F239.0/123=2] | 在馆 | |
| 4 | 0327346 | 203273466 | 第一样本阅览室/ [索取号:F239.0/123=2] | 在馆 |